[Event "Jyvaskyla Winter Weekend A"]
[Site "Jyvaskyla"]
[Date "2016.01.24"]
[Round "4"]
[White "Eloranta, Kari"]
[Black "Vinogradov, Vladimir P"]
[Result "1-0"]
[WhiteElo "2026"]
[BlackElo "2064"]
[PlyCount "75"]
[EventDate "2016.01.22"]
[EventType "swiss"]
[EventRounds "5"]
[EventCountry "FIN"]
[SourceTitle "EXT 2022"]
[Source "ChessBase"]
[SourceDate "2021.10.06"]
[SourceVersion "1"]
[SourceVersionDate "2021.10.06"]
[SourceQuality "1"]

1. e4 e5 2. Nc3 Nf6 3. Bc4 Bc5 4. d3 d6 5. f4 Bg4 6. Nf3 Nc6 7. Na4 Bb6 8. Nxb6 axb6 9. 0-0 0-0 10. a3 exf4 11. Bxf4 Ne5 12. Bb3 Nxf3+ 13. gxf3 Bh3 14. Re1 Nh5 15. Be3 Qf6 16. Qe2 Nf4 17. Bxf4 Qxf4 18. Qe3 Qh4 19. f4 Kh8 20. Qg3 Qh6 21. f5 g6 22. Re3 Bg4 23. f6 Ra5 24. Rae1 Bd7 25. e5 dxe5 26. Rxe5 Bc6 27. d4 Qd2 28. Qf2 Qh6 29. d5 Bd7 30. Re7 Bf5 31. Qe3 Qxe3+ 32. R1xe3 h6 33. Rxc7 b5 34. d6 Ra6 35. d7 Rxf6 36. Re8 Bh3 37. Rxf8+ Kg7 38. Rxf7+ 1-0

[Event "Jyvaskyla Winter Weekend A"]
[Site "Jyvaskyla"]
[Date "2016.01.23"]
[Round "2"]
[White "Vinogradov, Vladimir P"]
[Black "Karvinen, Kimmo"]
[Result "0-1"]
[WhiteElo "2064"]
[BlackElo "2109"]
[PlyCount "92"]
[EventDate "2016.01.22"]
[EventType "swiss"]
[EventRounds "5"]
[EventCountry "FIN"]
[SourceTitle "EXT 2022"]
[Source "ChessBase"]
[SourceDate "2021.10.06"]
[SourceVersion "1"]
[SourceVersionDate "2021.10.06"]
[SourceQuality "1"]

1. e4 e6 2. d4 d5 3. e5 c5 4. c3 Nc6 5. Nf3 Bd7 6. a3 Nge7 7. Bd3 cxd4 8. cxd4 Qb6 9. 0-0 Nxd4 10. Nxd4 Qxd4 11. Nc3 Qxe5 12. Re1 Qb8 13. Qf3 Bc6 14. Bf4 Qd8 15. Qg3 a6 16. b4 Ng6 17. b5 axb5 18. Nxb5 Nxf4 19. Qxf4 Rc8 20. Qg3 Qd7 21. Rac1 g6 22. Qe5 Rg8 23. a4 Be7 24. Rc2 Kf8 25. Rec1 f6 26. Qg3 Kg7 27. Na7 Bd6 28. Qe3 d4 29. Qh3 Rc7 30. a5 Bd5 31. Qg4 Rxc2 32. Rxc2 Qa4 33. Nb5 Be5 34. Nc7 Qa1+ 35. Bf1 d3 36. Rc5 Qd4 37. Qxd4 Bxd4 38. Rxd5 exd5 39. Bxd3 Bc3 40. a6 bxa6 41. Bxa6 d4 42. Kf1 Rb8 43. Ke2 Rb2+ 44. Kf3 f5 45. Nd5 Be1 46. Be2 g5 0-1

[Event "Petrozavodsk Karelian Autumn"]
[Site "Petrozavodsk"]
[Date "2013.10.14"]
[Round "4"]
[White "Sivikhin, Denis O"]
[Black "Vinogradov, Vladimir P"]
[Result "0-1"]
[WhiteElo "1737"]
[BlackElo "2097"]
[PlyCount "92"]
[EventDate "2013.10.12"]
[EventType "swiss"]
[EventRounds "9"]
[EventCountry "RUS"]
[SourceTitle "EXT 2014"]
[Source "ChessBase"]
[SourceDate "2013.11.20"]
[SourceVersion "1"]
[SourceVersionDate "2013.11.20"]
[SourceQuality "1"]

1. e4 e5 2. d4 exd4 3. Qxd4 Nc6 4. Qe3 b6 5. Nc3 Bb7 6. Bd2 g6 7. 0-0-0 Bg7 8. f4 Qf6 9. Bc4 0-0-0 10. Nf3 h6 11. Be1 g5 12. fxg5 hxg5 13. Kb1 g4 14. Nd2 Ne5 15. Bb3 Ne7 16. Rf1 Qg6 17. Bg3 f6 18. Qe2 d5 19. exd5 Nxd5 20. Bxd5 Bxd5 21. Nxd5 Rxd5 22. Qe4 Qxe4 23. Nxe4 Rhd8 24. Nc3 Rd2 25. Rxd2 Rxd2 26. Rf2 Rd7 27. Bf4 Nc4 28. Bc1 Kb7 29. b3 f5 30. Na4 Rd1 31. bxc4 Bh6 32. Nc3 Rxc1+ 33. Kb2 Re1 34. Rxf5 Bg7 35. Rd5 Re2 36. g3 Bf6 37. Rf5 Be5 38. Rg5 Re3 39. Rxg4 Bxc3+ 40. Kb3 a5 41. a4 Kc6 42. Rg6+ Kc5 43. Rg5+ Be5+ 44. Ka2 Kxc4 45. c3 Re2+ 46. Kb1 Kb3 0-1

[Event "Karelian Autumn"]
[Site "Petrozavodsk"]
[Date "2012.10.14"]
[Round "1"]
[White "Klestov, Sergey A"]
[Black "Vinogradov, Vladimir P"]
[Result "1/2-1/2"]
[WhiteElo "1777"]
[BlackElo "2079"]
[PlyCount "61"]
[EventDate "2012.10.14"]
[EventType "swiss"]
[EventRounds "9"]
[EventCountry "RUS"]
[SourceTitle "EXT 2013"]
[Source "ChessBase"]
[SourceDate "2012.11.22"]
[SourceVersion "1"]
[SourceVersionDate "2012.11.22"]
[SourceQuality "1"]

1. e4 d6 2. d4 Nf6 3. Nc3 c6 4. Bd3 Qb6 5. Nge2 e5 6. dxe5 dxe5 7. 0-0 Be7 8. Rb1 0-0 9. Kh1 Na6 10. b4 Rd8 11. a3 Be6 12. Qe1 Qc7 13. h3 c5 14. Bxa6 bxa6 15. f4 cxb4 16. axb4 exf4 17. Nxf4 Bc4 18. Rf3 Rab8 19. Ncd5 Bxd5 20. Nxd5 Nxd5 21. exd5 Qxc2 22. Bf4 Bd6 23. Bxd6 Rxd6 24. Rc1 Qg6 25. Qe7 Rxd5 26. Rc7 Rd1+ 27. Kh2 Qd6+ 28. Qxd6 Rxd6 29. Rfxf7 Rg6 30. Rfd7 h6 31. Rb7 1/2-1/2

[Event "Karelia-ch 65th"]
[Site "Kondopoga"]
[Date "2012.02.22"]
[Round "3"]
[White "Vinogradov, Vladimir P"]
[Black "Gubaidullin, Mannifanzil"]
[Result "1-0"]
[WhiteElo "2085"]
[BlackElo "1870"]
[PlyCount "87"]
[EventDate "2012.02.21"]
[EventType "swiss"]
[EventRounds "9"]
[EventCountry "RUS"]
[SourceTitle "EXT 2013"]
[Source "ChessBase"]
[SourceDate "2012.11.22"]
[SourceVersion "1"]
[SourceVersionDate "2012.11.22"]
[SourceQuality "1"]

1. e4 c5 2. Nf3 Nc6 3. d4 cxd4 4. Nxd4 Nf6 5. Nc3 e5 6. Ndb5 d6 7. Bg5 a6 8. Na3 b5 9. Bxf6 gxf6 10. Nd5 Bg7 11. Bd3 Be6 12. 0-0 f5 13. Qh5 Rb8 14. c3 f4 15. Nc2 0-0 16. Ncb4 Nxb4 17. Nxb4 Qc8 18. a4 Kh8 19. axb5 axb5 20. Ra6 Qd7 21. Rfa1 Bf6 22. Nd5 Bg7 23. h3 Rb7 24. Nb4 Rg8 25. Kh2 Bf6 26. Rd1 Rg5 27. Qh6 Qd8 28. Be2 Bg7 29. Raxd6 Bxh6 30. Rxd8+ Kg7 31. Nc6 f5 32. R8d6 Bc4 33. Nd8 Bxe2 34. Nxb7 Bxd1 35. Rxd1 fxe4 36. Nc5 e3 37. Ne6+ Kf6 38. Nxg5 Bxg5 39. fxe3 fxe3 40. Kg1 Kf5 41. Kf1 Kf4 42. Rd5 Ke4 43. Rxb5 Bf4 44. Ke2 1-0

[Event "Karelia-ch 63rd"]
[Site "Petrozavodsk"]
[Date "2010.02.24"]
[Round "7"]
[White "Savolainen, Lev P"]
[Black "Vinogradov, Vladimir P"]
[Result "1-0"]
[WhiteElo "2190"]
[BlackElo "2092"]
[PlyCount "79"]
[EventDate "2010.02.20"]
[EventType "swiss"]
[EventRounds "9"]
[EventCountry "RUS"]
[SourceTitle "CBM 135 Extra"]
[Source "ChessBase"]
[SourceDate "2010.05.04"]
[SourceVersion "1"]
[SourceVersionDate "2010.05.04"]
[SourceQuality "1"]

1. d4 Nf6 2. Nf3 d6 3. g3 g6 4. Bg2 Bg7 5. 0-0 0-0 6. c4 Nbd7 7. Nc3 e5 8. e4 exd4 9. Nxd4 Nc5 10. Be3 Ng4 11. Bf4 Re8 12. h3 Ne5 13. b3 Ned3 14. Be3 c6 15. Qc2 a5 16. Rad1 Nb4 17. Qd2 a4 18. a3 Nba6 19. b4 Nd7 20. Bg5 Qc7 21. Ndb5 cxb5 22. Nxb5 Qb8 23. Nxd6 Re5 24. Bf4 Nf8 25. Bxe5 Bxe5 26. Qd5 Bxd6 27. Qxd6 Qxd6 28. Rxd6 Be6 29. e5 Rb8 30. Rb6 Bxc4 31. Rc1 Nd7 32. Rxb7 Rxb7 33. Bxb7 Bb5 34. Bc6 Bxc6 35. Rxc6 Nab8 36. Rc8+ Kg7 37. b5 g5 38. g4 Kg6 39. Rg8+ Kh6 40. Kf1 1-0

[Event "Karelia-ch 63rd"]
[Site "Petrozavodsk"]
[Date "2010.02.23"]
[Round "6"]
[White "Vinogradov, Vladimir P"]
[Black "Osmolny, Vladimir I"]
[Result "1/2-1/2"]
[WhiteElo "2092"]
[BlackElo "2211"]
[PlyCount "80"]
[EventDate "2010.02.20"]
[EventType "swiss"]
[EventRounds "9"]
[EventCountry "RUS"]
[SourceTitle "CBM 135 Extra"]
[Source "ChessBase"]
[SourceDate "2010.05.04"]
[SourceVersion "1"]
[SourceVersionDate "2010.05.04"]
[SourceQuality "1"]

1. e4 c5 2. Nf3 Nf6 3. e5 Nd5 4. g3 Nc6 5. Bg2 e6 6. 0-0 f6 7. d4 cxd4 8. Nxd4 fxe5 9. Nxc6 bxc6 10. Qh5+ g6 11. Qxe5 Qf6 12. Qe2 Bg7 13. Nd2 0-0 14. h4 a5 15. Ne4 Qd4 16. Rd1 Ba6 17. Qe1 Qe5 18. c3 Rf7 19. Be3 Nxe3 20. Qxe3 d5 21. f4 Qb8 22. Ng5 Re7 23. Bh3 Bc8 24. h5 e5 25. hxg6 hxg6 26. c4 Bxh3 27. Nxh3 Qd6 28. cxd5 cxd5 29. Qb3 Rd7 30. fxe5 Bxe5 31. Nf4 Bxf4 32. gxf4 Rb8 33. Rxd5 Qxd5 34. Qxb8+ Kh7 35. Re1 Qd4+ 36. Kh1 Qf2 37. Qe8 Qf3+ 38. Kg1 Qg3+ 39. Kh1 Qh4+ 40. Kg1 Qg3+ 1/2-1/2

[Event "Karelia-ch 63rd"]
[Site "Petrozavodsk"]
[Date "2010.02.21"]
[Round "2"]
[White "Dzhangobegov, Vladimir"]
[Black "Vinogradov, Vladimir P"]
[Result "1-0"]
[WhiteElo "2296"]
[BlackElo "2092"]
[PlyCount "41"]
[EventDate "2010.02.20"]
[EventType "swiss"]
[EventRounds "9"]
[EventCountry "RUS"]
[SourceTitle "CBM 135 Extra"]
[Source "ChessBase"]
[SourceDate "2010.05.04"]
[SourceVersion "1"]
[SourceVersionDate "2010.05.04"]
[SourceQuality "1"]

1. e4 e5 2. f4 exf4 3. Nf3 g5 4. h4 g4 5. Ne5 h5 6. Bc4 Nh6 7. d4 d6 8. Nd3 f3 9. gxf3 gxf3 10. Qxf3 Bg4 11. Qf2 Qe7 12. Nc3 c6 13. Bg5 Qd7 14. Kd2 Bg7 15. Bf6 0-0 16. Raf1 b5 17. Bb3 a5 18. Qe3 Nf5 19. Rxf5 Bxf5 20. Rg1 Bg6 21. Rxg6 1-0

[Event "Karelian Autumn-B"]
[Site "Petrozavodsk"]
[Date "2008.10.16"]
[Round "9"]
[White "Vinogradov, Vladimir P"]
[Black "Razh, Amalia"]
[Result "1-0"]
[WhiteElo "2160"]
[BlackElo "1878"]
[PlyCount "109"]
[EventDate "2008.10.08"]
[EventType "tourn"]
[EventRounds "11"]
[EventCountry "RUS"]
[SourceTitle "EXT 2024"]
[Source "ChessBase"]
[SourceDate "2023.10.10"]
[SourceVersion "1"]
[SourceVersionDate "2023.10.10"]
[SourceQuality "1"]

1. e4 e5 2. Nf3 Nc6 3. Bc4 Nf6 4. d4 exd4 5. e5 Ne4 6. 0-0 d5 7. Bb5 Bg4 8. Qxd4 a6 9. Bxc6+ bxc6 10. Nbd2 c5 11. Qa4+ Bd7 12. Qb3 c4 13. Qb7 Nxd2 14. Bxd2 c6 15. b3 cxb3 16. axb3 Bc5 17. Bg5 Qc8 18. Qxc8+ Bxc8 19. Rfe1 0-0 20. Be3 Bb4 21. Red1 Bc3 22. Ra4 Re8 23. Bd4 Bxd4 24. Nxd4 c5 25. Nf3 Bb7 26. Ra5 Rac8 27. Re1 Rc6 28. h3 Bc8 29. Rea1 Kf8 30. Kh2 Bf5 31. Rxa6 Rxa6 32. Rxa6 Bxc2 33. Rc6 Bd1 34. Nd2 Rxe5 35. Rxc5 Ke7 36. b4 Kd6 37. Kg3 Re2 38. Nf1 Re4 39. Ne3 Bb3 40. Nf5+ Ke5 41. Nxg7 Rxb4 42. Nh5 Rc4 43. Rb5 Bc2 44. f3 Kd4 45. Nf4 Rc5 46. Rb7 Kc3 47. Rxf7 d4 48. Ne2+ Kd3 49. Kf2 Re5 50. Nf4+ Kd2 51. g4 d3 52. Rxh7 Kc1 53. Nxd3+ Bxd3 54. Rd7 Bb5 55. Rd8 1-0

[Event "Karelian Autumn-B"]
[Site "Petrozavodsk"]
[Date "2008.10.14"]
[Round "7"]
[White "Vinogradov, Vladimir P"]
[Black "Venglinsky, Sergey A"]
[Result "1-0"]
[WhiteElo "2160"]
[BlackElo "1883"]
[PlyCount "49"]
[EventDate "2008.10.08"]
[EventType "tourn"]
[EventRounds "11"]
[EventCountry "RUS"]
[SourceTitle "EXT 2024"]
[Source "ChessBase"]
[SourceDate "2023.10.10"]
[SourceVersion "1"]
[SourceVersionDate "2023.10.10"]
[SourceQuality "1"]

1. e4 c5 2. Nf3 d6 3. d4 Nc6 4. d5 Na5 5. Nc3 a6 6. Be2 Bg4 7. Nd2 Bxe2 8. Qxe2 g6 9. 0-0 Bg7 10. f4 Nf6 11. e5 dxe5 12. fxe5 Nd7 13. e6 Nf6 14. exf7+ Kxf7 15. Qe6+ Ke8 16. Nde4 Rf8 17. Bg5 Qd7 18. Nxc5 Qc7 19. N3e4 Kd8 20. d6 exd6 21. Rxf6 Bxf6 22. Bxf6+ Rxf6 23. Qxf6+ Kc8 24. Qf8+ Qd8 25. Nxd6+ 1-0

[Event "Kostomuksha Gorfinkel Jubilee Rating"]
[Site "Kostomuksha"]
[Date "2008.09.20"]
[Round "7.32"]
[White "Vinogradov, Vladimir P"]
[Black "Sklyarova, Alena"]
[Result "0-1"]
[WhiteElo "2193"]
[BlackElo "1947"]
[PlyCount "44"]
[EventDate "2008.09.17"]
[EventType "tourn"]
[EventRounds "9"]
[EventCountry "RUS"]
[SourceTitle "EXT 2022"]
[Source "ChessBase"]
[SourceDate "2021.10.06"]
[SourceVersion "1"]
[SourceVersionDate "2021.10.06"]
[SourceQuality "1"]

1. e4 Nf6 2. Nc3 e5 3. a3 d5 4. exd5 Nxd5 5. Bc4 Be6 6. Qf3 c6 7. Nge2 Bc5 8. Qg3 Nd7 9. Bxd5 cxd5 10. Qxg7 Rf8 11. 0-0 Qh4 12. d4 Be7 13. g3 Qh5 14. dxe5 Nxe5 15. Nf4 Qf5 16. Nxe6 fxe6 17. Be3 Rf7 18. Qg8+ Bf8 19. f4 Ng4 20. Nb5 0-0-0 21. Nxa7+ Kb8 22. Bd4 Be7 0-1

[Event "Kostomuksha Gorfinkel Jubilee Rating"]
[Site "Kostomuksha"]
[Date "2008.09.19"]
[Round "5.25"]
[White "Vinogradov, Vladimir P"]
[Black "Sklyarov, Dmitry V"]
[Result "0-1"]
[WhiteElo "2193"]
[BlackElo "2354"]
[PlyCount "94"]
[EventDate "2008.09.17"]
[EventType "tourn"]
[EventRounds "9"]
[EventCountry "RUS"]
[SourceTitle "EXT 2022"]
[Source "ChessBase"]
[SourceDate "2021.10.06"]
[SourceVersion "1"]
[SourceVersionDate "2021.10.06"]
[SourceQuality "1"]

1. e4 e6 2. d4 d5 3. e5 c5 4. Nf3 Nc6 5. dxc5 Qc7 6. Bf4 Nge7 7. Bd3 Ng6 8. Bxg6 hxg6 9. 0-0 Bxc5 10. c3 Be7 11. Re1 b5 12. Nbd2 a5 13. a4 Ba6 14. Nb3 b4 15. Nbd4 bxc3 16. bxc3 Nxd4 17. Nxd4 Qxc3 18. Re3 Qc7 19. Rc1 Qd7 20. Rec3 Bc4 21. Nb5 Bxb5 22. axb5 Qxb5 23. Rc8+ Rxc8 24. Rxc8+ Bd8 25. Bg5 Kd7 26. Ra8 Qb7 27. Qa4+ Qc6 28. Rxd8+ Rxd8 29. Qxc6+ Kxc6 30. Bxd8 a4 31. Be7 Kb5 32. Kf1 Kc4 33. Ke2 Kb3 34. Kd2 Kb2 35. Bc5 a3 36. Bd4+ Kb1 37. h4 a2 38. g4 a1Q 39. Bxa1 Kxa1 40. f4 Kb2 41. g5 Kb3 42. Kd3 Kb4 43. Kd4 Kb5 44. f5 Kc6 45. f6 gxf6 46. h5 gxh5 47. exf6 Kd6 0-1